[Event "ÕÕÕII Nezhmetdinov Memorial"]
[Site "?"]
[Date "2010.06.08"]
[Round "9.10"]
[White "Kamov, Igor"]
[Black "Alavkin, Arseny"]
[Result "1/2-1/2"]
[WhiteElo "2179"]
[BlackElo "2460"]
[PlyCount "104"]
[EventDate "2010.06.01"]
[SourceDate "2010.06.09"]

1. d4 Nf6 2. c4 e6 3. Nf3 c5 4. e3 cxd4 5. exd4 d5 6. Nc3 Bb4 7. Qb3 Nc6 8. Bg5
dxc4 9. Bxc4 Be7 10. Rd1 O-O 11. Be2 b6 12. O-O Bb7 13. Qa4 Nd5 14. Bc1 Ncb4
15. a3 Nxc3 16. bxc3 Nd5 17. Qb3 Qc7 18. c4 Nf4 19. Bxf4 Qxf4 20. a4 Bd6 21. g3
Qe4 22. Rfe1 Bc6 23. Rd3 Rad8 24. Re3 Qf5 25. Bd3 Qa5 26. Ra1 g6 27. h4 Be7 28.
Ne5 Be8 29. Qb2 Qb4 30. Qc2 Rxd4 31. h5 Bf6 32. hxg6 hxg6 33. Qe2 Kg7 34. Rb1
Qc5 35. Ng4 Be7 36. Re5 Qd6 37. Bxg6 Bc6 38. Re1 Rh8 39. Be4 f5 40. Bxc6 Qxc6
41. Nh2 Qxc4 42. Rxe6 Qxe2 43. R1xe2 Bc5 44. a5 Rf8 45. axb6 Bxb6 46. Nf3 Rd5
47. Kg2 Rf6 48. Re7+ Rf7 49. R7e6 Bd8 50. Ra2 Bb6 51. Rae2 Bd8 52. Ra2 Bb6
1/2-1/2

[Event "ÕÕÕII Nezhmetdinov Memorial"]
[Site "?"]
[Date "2010.06.08"]
[Round "9.11"]
[White "Filipenko, Alexander V"]
[Black "Vasilov, Artur"]
[Result "1-0"]
[WhiteElo "2345"]
[BlackElo "2165"]
[PlyCount "99"]
[EventDate "2010.06.01"]
[SourceDate "2009.11.20"]

1. d4 Nf6 2. Nc3 d5 3. Bg5 e6 4. e4 dxe4 5. Nxe4 Be7 6. Bxf6 gxf6 7. Nf3 a6 8.
g3 b5 9. Bg2 Bb7 10. Qe2 Nd7 11. O-O f5 12. Nc3 Nf6 13. Rad1 b4 14. Nb1 Bd5 15.
b3 Qd6 16. c4 bxc3 17. Nxc3 c6 18. Rc1 Bxf3 19. Bxf3 Nd5 20. Na4 O-O 21. Rc4
Bg5 22. Bg2 Rfc8 23. Qh5 Bf6 24. Rfc1 Rab8 25. Qh6 Bg7 26. Qd2 Ne7 27. Qg5 h6
28. Qe3 Rb4 29. Rxb4 Qxb4 30. Rc4 Qd6 31. Nc3 Rd8 32. Ne2 Nd5 33. Qc1 Rc8 34.
Rc5 Ne7 35. Qc4 Kh7 36. Ra5 Ra8 37. Rxa6 Rxa6 38. Qxa6 Bxd4 39. Nxd4 Qxd4 40.
Qb7 Qd1+ 41. Bf1 Qd6 42. a4 f4 43. a5 fxg3 44. hxg3 h5 45. a6 h4 46. g4 Kg7 47.
a7 Qd4 48. Qxe7 Qxg4+ 49. Kh1 h3 50. Qc5 1-0

[Event "ÕÕÕII Nezhmetdinov Memorial"]
[Site "?"]
[Date "2010.06.08"]
[Round "9.12"]
[White "Bushkov, Alexander V."]
[Black "Zenzera, Alexey"]
[Result "0-1"]
[WhiteElo "2266"]
[BlackElo "2170"]
[PlyCount "122"]
[EventDate "2010.06.01"]
[SourceDate "2010.06.09"]

1. e4 c5 2. Nf3 e6 3. d4 cxd4 4. Nxd4 a6 5. Bd3 Nf6 6. O-O Qc7 7. Kh1 Nc6 8.
Nxc6 bxc6 9. Qe2 d5 10. Nd2 Bb7 11. c3 Bd6 12. Re1 Nd7 13. Nf3 Bf4 14. c4 Nc5
15. e5 Nxd3 16. Qxd3 Bxc1 17. Raxc1 Qe7 18. cxd5 cxd5 19. Qd4 O-O 20. Qc5 Qd7
21. Nd4 Rac8 22. Qb6 Rc4 23. b3 Rcc8 24. Kg1 h6 25. a4 Rfe8 26. f4 Rxc1 27.
Rxc1 Rc8 28. Rc5 h5 29. Kf2 Qe7 30. Rxc8+ Bxc8 31. Qb8 Qc5 32. Ke2 Qxd4 33.
Qxc8+ Kh7 34. Qxa6 Qe4+ 35. Kd1 Qb1+ 36. Kd2 Qb2+ 37. Ke3 Qc1+ 38. Kf3 Qc3+ 39.
Ke2 Qc2+ 40. Ke1 Qxb3 41. a5 Qb4+ 42. Kd1 Qd4+ 43. Kc2 Qa4+ 44. Kb2 Qb4+ 45.
Kc2 g6 46. Qb6 Qc4+ 47. Kd2 Qxf4+ 48. Kc2 Qe4+ 49. Kd1 d4 50. a6 d3 51. Qf2
Qa4+ 52. Kd2 Qc2+ 53. Ke3 Qc5+ 54. Kf3 Qd5+ 55. Ke3 Qc5+ 56. Kf3 Qa3 57. a7 Qa4
58. Qe3 d2 59. Qxd2 Qxa7 60. Qf4 Qa3+ 61. Ke2 Qb2+ 0-1

[Event "ÕÕÕII Nezhmetdinov Memorial"]
[Site "?"]
[Date "2010.06.08"]
[Round "9.13"]
[White "Semenova, Elena"]
[Black "Tokarev, Ilya"]
[Result "0-1"]
[WhiteElo "2162"]
[BlackElo "2257"]
[PlyCount "94"]
[EventDate "2010.06.01"]
[SourceDate "2010.06.09"]

1. e4 e6 2. d4 d5 3. Nc3 Nf6 4. Bg5 Be7 5. e5 Nfd7 6. Bxe7 Qxe7 7. Nb5 Nb6 8.
c3 a6 9. Na3 c5 10. Nc2 Bd7 11. f4 Na4 12. Nf3 Nxb2 13. Qb1 Na4 14. Qxb7 O-O
15. Kd2 Nc6 16. Bd3 Rfb8 17. Qc7 Rc8 18. Qd6 Qxd6 19. exd6 Rd8 20. Ne3 g6 21.
Ng4 c4 22. Bc2 Nb6 23. Nfe5 Kg7 24. Rab1 Nc8 25. Rb7 Nb8 26. Ba4 Nxd6 27. Rxd7
Nxd7 28. Nxd7 Ra7 29. Nc5 Rb8 30. Kc2 Nb5 31. Bxb5 axb5 32. a4 bxa4 33. Rb1 a3
34. Rxb8 a2 35. Rb1 a1=Q 36. Rxa1 Rxa1 37. Ne3 Kh6 38. Kd2 Ra2+ 39. Ke1 Kh5 40.
Kf1 Ra3 41. Nd1 Kg4 42. Nd7 Kxf4 43. Ne5 Ra1 44. g3+ Ke4 45. Ke2 Ra2+ 46. Ke1
f6 47. Nf2+ Rxf2 0-1

[Event "ÕÕÕII Nezhmetdinov Memorial"]
[Site "?"]
[Date "2010.06.08"]
[Round "9.17"]
[White "Vaseptsov, Maxim"]
[Black "Khazieva, Elza"]
[Result "0-1"]
[WhiteElo "2197"]
[BlackElo "1796"]
[PlyCount "90"]
[EventDate "2010.06.01"]
[SourceDate "2010.06.09"]

1. e4 c5 2. Nf3 d6 3. d4 cxd4 4. Nxd4 Nf6 5. Nc3 g6 6. Be3 Bg7 7. f3 O-O 8. Qd2
Nc6 9. O-O-O d5 10. exd5 Nxd5 11. Nxc6 bxc6 12. Bd4 Be6 13. Bxg7 Kxg7 14. Qd4+
Nf6 15. Qc5 Qb6 16. Na4 Qc7 17. Kb1 Rab8 18. Bc4 Bxc4 19. Qxc4 Qa5 20. Nc5 Rb4
21. Qc3 Rfb8 22. Nb3 Qg5 23. g3 a5 24. h4 Qxg3 25. h5 a4 26. h6+ Kf8 27. Rd4
Rxd4 28. Nxd4 Qd6 29. Re1 e5 30. Ne2 Nd5 31. Qd2 Qb4 32. c3 Qb6 33. c4 Qe3 34.
Qa5 Qd3+ 35. Kc1 Qxc4+ 36. Kb1 Qd3+ 37. Kc1 Nb4 38. Qxa4 Qe3+ 39. Kb1 Qd2 40.
Qd1 Rd8 41. Nc3 Qg5 42. Qe2 f6 43. Rd1 Qf5+ 44. Ne4 Rxd1+ 45. Qxd1 Nd5 0-1

[Event "ÕÕÕII Nezhmetdinov Memorial"]
[Site "?"]
[Date "2010.06.08"]
[Round "9.18"]
[White "Husnullin, Ramil"]
[Black "Kalinin, Nikita"]
[Result "1-0"]
[WhiteElo "2196"]
[BlackElo "2032"]
[PlyCount "85"]
[EventDate "2010.06.01"]
[SourceDate "2010.06.09"]

1. e4 e5 2. Nf3 Nc6 3. Bb5 Bc5 4. O-O Nd4 5. Nxd4 Bxd4 6. c3 Bb6 7. d4 c6 8.
Bc4 d6 9. Be3 Nf6 10. dxe5 dxe5 11. Qxd8+ Bxd8 12. f3 Bb6 13. Kf2 Ke7 14. Rd1
g5 15. Nd2 g4 16. Nf1 gxf3 17. gxf3 Nh5 18. a4 Nf4 19. a5 Bxe3+ 20. Nxe3 Rg8
21. b4 a6 22. Ra2 Nh3+ 23. Ke2 Nf4+ 24. Kd2 Rg5 25. Kc1 Bh3 26. Rad2 h5 27.
Nf5+ Bxf5 28. exf5 Nd5 29. Bxd5 cxd5 30. Rxd5 Rxf5 31. R1d3 Kf6 32. Rd7 Rb8 33.
Kd2 Kg5 34. Ke3 b6 35. axb6 Rxb6 36. R3d6 Rxd6 37. Rxd6 Rf6 38. h4+ Kf5 39.
Rxf6+ Kxf6 40. f4 Kf5 41. fxe5 Kxe5 42. c4 Kd6 43. Kf4 1-0

[Event "ÕÕÕII Nezhmetdinov Memorial"]
[Site "?"]
[Date "2010.06.08"]
[Round "9.19"]
[White "Zlachevskiy, Leonid"]
[Black "Sanzhaev, Darsen"]
[Result "0-1"]
[WhiteElo "2111"]
[BlackElo "2150"]
[PlyCount "60"]
[EventDate "2010.06.01"]
[SourceDate "2010.06.09"]

1. e4 c5 2. Nc3 e6 3. Nf3 a6 4. d4 cxd4 5. Nxd4 Qc7 6. Bd3 Nf6 7. O-O Nc6 8.
Nxc6 bxc6 9. Qe2 d6 10. f4 e5 11. Na4 Be7 12. c4 O-O 13. Kh1 Nd7 14. Nc3 exf4
15. Bxf4 Ne5 16. Bc2 Bg4 17. Qe3 Nxc4 18. Qg3 Bh5 19. Rac1 Ne5 20. Nd5 cxd5 21.
Bd1 Qa5 22. Bxh5 dxe4 23. b4 Qxb4 24. Bxe5 dxe5 25. Qxe5 g6 26. Be2 Bd6 27. Qd5
Rad8 28. Bc4 Bf4 29. Qxe4 Bxc1 30. Rxc1 Qd6 0-1

[Event "ÕÕÕII Nezhmetdinov Memorial"]
[Site "?"]
[Date "2010.06.08"]
[Round "9.21"]
[White "Dogodkina, Julia"]
[Black "Ulanov, Alexandr"]
[Result "0-1"]
[WhiteElo "2066"]
[BlackElo "2364"]
[PlyCount "74"]
[EventDate "2010.06.01"]
[SourceDate "2010.06.09"]

1. e4 Nc6 2. Nf3 d5 3. exd5 Qxd5 4. Nc3 Qa5 5. d4 Bg4 6. Bb5 O-O-O 7. Bxc6 bxc6
8. h3 Qh5 9. Qd3 Bxf3 10. gxf3 e5 11. Qa6+ Kb8 12. d5 cxd5 13. Qb5+ Kc8 14.
Qa6+ Kd7 15. Qb5+ Ke6 16. Rg1 Qxf3 17. Rg3 Qh1+ 18. Ke2 Nf6 19. Qc6+ Bd6 20.
Rb1 h6 21. Bg5 Qxb1 22. Nxb1 hxg5 23. Rxg5 g6 24. Rg3 Nh5 25. Ra3 Nf4+ 26. Kd2
Rb8 27. Rxa7 Rb6 28. Qa4 Rb4 29. Qa6 Rxh3 30. b3 Ke7 31. Qc6 Rd4+ 32. Kc1 Rh1+
33. Kb2 Rdd1 34. Na3 Ne6 35. b4 Rh4 36. c3 Rd2+ 37. Kb3 Rxb4+ 0-1

[Event "ÕÕÕII Nezhmetdinov Memorial"]
[Site "?"]
[Date "2010.06.08"]
[Round "9.22"]
[White "Sannikov, Grigory"]
[Black "Sokolov, Sergei"]
[Result "1-0"]
[WhiteElo "2059"]
[BlackElo "2349"]
[PlyCount "81"]
[EventDate "2010.06.01"]
[SourceDate "2010.06.09"]

1. e4 e5 2. Nf3 Nc6 3. Nc3 Nf6 4. d4 exd4 5. Nxd4 Bb4 6. Nxc6 bxc6 7. Bd3 d5 8.
exd5 cxd5 9. O-O O-O 10. Bg5 c6 11. Qf3 h6 12. Bf4 Bd6 13. h3 Be6 14. Rfe1 Rb8
15. Bxd6 Qxd6 16. b3 Rfe8 17. Ne2 c5 18. Rad1 Qb6 19. c3 Qa5 20. Bb1 Ne4 21.
Bxe4 dxe4 22. Qg3 Qxa2 23. Nf4 Bf5 24. Rd5 Bh7 25. Rd7 Qxb3 26. Nd5 Bg6 27. Qc7
e3 28. Rxe3 Rxe3 29. fxe3 Kh7 30. Kh2 Re8 31. Qxa7 Qc4 32. Rxf7 Qxd5 33. Rxg7+
Kh8 34. Rxg6 Qe5+ 35. Kh1 Re7 36. Qa8+ Re8 37. Qc6 Rd8 38. Rxh6+ Kg7 39. Qg6+
Kf8 40. Qf6+ Qxf6 41. Rxf6+ 1-0

[Event "ÕÕÕII Nezhmetdinov Memorial"]
[Site "?"]
[Date "2010.06.08"]
[Round "9.23"]
[White "Faizrakhmanov, Ilmir"]
[Black "Hamidullin, Aydar"]
[Result "0-1"]
[WhiteElo "1912"]
[BlackElo "2188"]
[PlyCount "178"]
[EventDate "2010.06.01"]
[SourceDate "2010.06.09"]

1. e4 e6 2. d4 d5 3. exd5 exd5 4. Bd3 c5 5. dxc5 Bxc5 6. Ne2 Ne7 7. O-O O-O 8.
Nbc3 Nbc6 9. Nf4 Nb4 10. a3 Nxd3 11. Qxd3 Bf5 12. Qf3 Bxc2 13. Ncxd5 Nxd5 14.
Qxd5 Qxd5 15. Nxd5 Rad8 16. Nc3 Rfe8 17. Bf4 f6 18. Rac1 Bb3 19. Nb5 b6 20.
Nxa7 Re2 21. Nb5 g5 22. Bg3 f5 23. h4 f4 24. Bh2 h6 25. hxg5 hxg5 26. Nc3 Rxb2
27. Ne4 Be7 28. Rc7 Kf8 29. Re1 Re2 30. Rcc1 Rxe1+ 31. Rxe1 Ra8 32. Ra1 Bc2 33.
Nd2 Rxa3 34. Rxa3 Bxa3 35. g3 Bc1 36. Nf3 fxg3 37. Bxg3 Ke7 38. Nd4 Bd3 39. Bc7
b5 40. Kg2 Kd7 41. Ba5 Kd6 42. Kg3 Ke5 43. Bc3 Kd5 44. f3 Be3 45. Nxb5 Bxb5 46.
Kg4 Bd7+ 47. Kh5 Ke6 48. Kg4 Kf7+ 49. Kh5 Bc6 50. Kg4 Kg6 51. Kg3 Kf5 52. Ba5
Bf4+ 53. Kf2 Ke5 54. Bb6 Kd5 55. Ba5 Kd4 56. Ke2 Bb5+ 57. Kf2 Kd3 58. Bb6 Be5
59. Bd8 Bf4 60. Bb6 Kd2 61. Ba5+ Kd3 62. Bb6 Kc4 63. Bd8 Kd5 64. Bb6 Ke6 65.
Ba5 Kf6 66. Bb6 Kg6 67. Ba5 Kh5 68. Be1 Ba6 69. Ba5 Kh4 70. Bd8 Kh3 71. Be7 Kh2
72. Bd8 Bb7 73. Be7 Bg3+ 74. Ke2 Ba6+ 75. Ke3 Bf4+ 76. Kf2 Bg3+ 77. Ke3 Bh4 78.
Ke4 Kg3 79. Bd6+ Kf2 80. Be7 Kg3 81. Bd6+ Kh3 82. Be7 Be2 83. Bd8 Bd1 84. Bc7
Kg2 85. Bd8 Bc2+ 86. Ke3 Bg6 87. Bf6 Kf1 88. Be7 Ke1 89. Bf6 Bf2# 0-1

[Event "ÕÕÕII Nezhmetdinov Memorial"]
[Site "?"]
[Date "2010.06.08"]
[Round "9.24"]
[White "Ulanov, Sergei"]
[Black "Baraeva, Irina"]
[Result "0-1"]
[WhiteElo "2145"]
[BlackElo "2061"]
[PlyCount "104"]
[EventDate "2010.06.01"]
[SourceDate "2010.06.09"]

1. d4 d5 2. c4 c6 3. Nc3 Nf6 4. Nf3 dxc4 5. a4 Bf5 6. e3 e6 7. Bxc4 Bb4 8. O-O
O-O 9. Qe2 Bg6 10. Ne5 Nbd7 11. Nxg6 hxg6 12. Rd1 Qe7 13. e4 e5 14. d5 Bxc3 15.
bxc3 cxd5 16. exd5 Rfc8 17. Ba3 Qd8 18. Rac1 Nc5 19. Qxe5 Nxa4 20. Be2 Qd7 21.
Qd4 b5 22. Rd3 Rc4 23. Qe3 Re8 24. Qf3 Rce4 25. Bf1 Nxd5 26. Rcd1 Nab6 27. Bc5
Qe6 28. R3d2 Qc6 29. Bxb6 Nxb6 30. Rd6 Qc5 31. g3 R4e7 32. Rc6 Qg5 33. h4 Qe5
34. Rb1 Nd7 35. Rxb5 Qe1 36. Qf4 Qa1 37. Rb7 Re1 38. Rxd7 Rxf1+ 39. Kg2 Rg1+
40. Kf3 Qa2 41. Qc4 Ra1 42. Qxa2 Rxa2 43. Rcc7 Ree2 44. Rd8+ Kh7 45. Rcc8 g5
46. h5 g6 47. Rh8+ Kg7 48. h6+ Kf6 49. Kg4 Rxf2 50. Rc6+ Ke7 51. Kxg5 Ra5+ 52.
Kg4 Rh5 0-1

[Event "ÕÕÕII Nezhmetdinov Memorial"]
[Site "?"]
[Date "2010.06.08"]
[Round "9.26"]
[White "Glukhov, Alexander"]
[Black "Vafin, Ayrat"]
[Result "0-1"]
[WhiteElo "2034"]
[BlackElo "2113"]
[PlyCount "128"]
[EventDate "2010.06.01"]
[SourceDate "2010.06.09"]

1. e4 c5 2. Nf3 e6 3. d4 cxd4 4. Nxd4 Nf6 5. Bd3 a6 6. O-O d6 7. a4 b6 8. Nc3
Bb7 9. f4 Nbd7 10. Nb3 Be7 11. Qe2 Qc7 12. Be3 h5 13. h3 h4 14. Bf2 Nh5 15. Qg4
O-O-O 16. Bxh4 Nhf6 17. Bxf6 Bxf6 18. Qe2 Nc5 19. Nxc5 Qxc5+ 20. Kh1 a5 21.
Rab1 Kd7 22. Ba6 Ba8 23. Qb5+ Ke7 24. Kh2 Qxb5 25. Bxb5 Bxc3 26. bxc3 Bxe4 27.
Bd3 Bxd3 28. cxd3 Rc8 29. c4 Rc6 30. Rb5 Kd7 31. g4 f6 32. Kg3 e5 33. fxe5 dxe5
34. Re1 Rd6 35. Re3 Kc6 36. h4 Rhd8 37. Rb3 Rd4 38. h5 Rf4 39. Rf3 Rdd4 40.
Rxf4 Rxf4 41. Rc3 Rf1 42. Rb3 Ra1 43. Kf3 Rxa4 44. Ke4 Ra1 45. Kf5 Rg1 46. Rb2
Rg3 47. Rd2 Kc5 48. Rd1 a4 49. Ra1 Rxd3 50. Rxa4 Rd7 51. g5 fxg5 52. Kxe5 Rf7
53. Ra6 g4 54. Ra4 g3 55. Ra3 Kxc4 56. Rxg3 b5 57. Rg4+ Kb3 58. Rg3+ Ka4 59.
Kd4 b4 60. Rg6 Re7 61. Ra6+ Kb3 62. Rg6 Ka3 63. Ra6+ Kb2 64. Kd3 b3 0-1

[Event "ÕÕÕII Nezhmetdinov Memorial"]
[Site "?"]
[Date "2010.06.08"]
[Round "9.32"]
[White "Baraeva, Marina"]
[Black "Ryskanov, Ildar"]
[Result "1/2-1/2"]
[WhiteElo "2102"]
[BlackElo "1976"]
[PlyCount "93"]
[EventDate "2010.06.01"]
[SourceDate "2010.06.09"]

1. d4 d5 2. c4 c6 3. Nf3 Nf6 4. Nc3 e6 5. Bg5 Nbd7 6. e3 Be7 7. Bd3 O-O 8. O-O
dxc4 9. Bxc4 Nd5 10. Bxe7 Qxe7 11. e4 Nxc3 12. bxc3 b5 13. Bd3 a6 14. a4 Nb6
15. axb5 cxb5 16. Ne5 Bb7 17. f4 f6 18. Nf3 Rac8 19. Qb3 Nc4 20. Bxc4 Rxc4 21.
Nd2 Rc6 22. Rae1 Rfc8 23. Re3 Kh8 24. f5 e5 25. d5 Qc5 26. Rff3 Rb6 27. Qb2 b4
28. cxb4 Rxb4 29. Qc3 Qb6 30. Qa3 Rc2 31. Nf1 a5 32. h3 Ba6 33. Kh2 Bxf1 34.
Rxf1 Qc5 35. Rff3 h6 36. Rc3 Rxc3 37. Rxc3 Qf2 38. Rg3 Kh7 39. Qxa5 Rb1 40. Rf3
Qg1+ 41. Kg3 Rb2 42. Kh4 Qxg2 43. Rg3 Qxe4+ 44. Rg4 Qxf5 45. Qc7 Qf2+ 46. Kh5
Qf5+ 47. Kh4 1/2-1/2

[Event "ÕÕÕII Nezhmetdinov Memorial"]
[Site "?"]
[Date "2010.06.08"]
[Round "9.33"]
[White "Shkuro, Alexandr"]
[Black "Khairullin, Adel"]
[Result "0-1"]
[WhiteElo "2071"]
[BlackElo "1916"]
[PlyCount "116"]
[EventDate "2010.06.01"]
[SourceDate "2010.06.09"]

1. d4 d5 2. Nf3 c6 3. e3 Bg4 4. Be2 e6 5. O-O Bd6 6. Nbd2 Nd7 7. c4 f5 8. c5
Bc7 9. b4 Ngf6 10. a4 O-O 11. b5 e5 12. dxe5 Nxe5 13. h3 Bxf3 14. Nxf3 Qe7 15.
Nd4 Ne4 16. f4 Nc3 17. Qc2 Nxe2+ 18. Qxe2 Nc4 19. bxc6 bxc6 20. Nxc6 Qxc5 21.
Nd4 Rae8 22. Qd3 Re4 23. Nb3 Qc6 24. Rd1 Bb6 25. Nd4 Bxd4 26. exd4 Rfe8 27. Ra2
Qd6 28. Rf1 Qb6 29. Rd1 Qg6 30. Rf2 Qc6 31. Qb3 h5 32. Qb5 Qxb5 33. axb5 Rb8
34. Ra2 Rxb5 35. Rxa7 Rb1 36. Rf1 Rxd4 37. Rd7 Rd3 38. Re1 Rc3 39. Ree7 Rg3 40.
Kf2 h4 41. Re1 Rc3 42. Ree7 Rc2+ 43. Kf3 Rb3+ 44. Be3 Rxe3+ 45. Rxe3 Nxe3 46.
Kxe3 Rxg2 47. Rxd5 g6 48. Rd7 Rg3+ 49. Kd4 Rxh3 50. Ke5 Rg3 51. Kf6 h3 52. Rg7+
Kh8 53. Ra7 h2 54. Ra8+ Kh7 55. Ra7+ Kh6 56. Ra8 Kh5 57. Rh8+ Kg4 58. Rxh2 Kxf4
0-1

[Event "ÕÕÕII Nezhmetdinov Memorial"]
[Site "?"]
[Date "2010.06.09"]
[Round "9.38"]
[White "Safin, Ravgat"]
[Black "Belskiy, Artem"]
[Result "0-1"]
[WhiteElo "2000"]
[BlackElo "1622"]
[PlyCount "137"]
[EventDate "2010.06.01"]
[SourceDate "2010.06.09"]

1. d4 Nf6 2. Nf3 d5 3. c4 e6 4. cxd5 exd5 5. Nc3 Nbd7 6. Bg5 c6 7. e3 Qa5 8.
Nd2 Bb4 9. Qc2 O-O 10. Bd3 h6 11. Bh4 Re8 12. O-O c5 13. Nb3 Qc7 14. Nb5 Qb6
15. dxc5 Nxc5 16. Nxc5 Bxc5 17. Bxf6 gxf6 18. Rac1 Bd6 19. Nxd6 Qxd6 20. Qc7
Qb4 21. Qc3 Qd6 22. Bb5 Re5 23. f4 Re4 24. Rcd1 Bg4 25. Rd4 Rc8 26. Qd2 Rxd4
27. Qxd4 Rc7 28. Bd3 Rc8 29. h3 Bd7 30. Rd1 Bc6 31. Bc2 Re8 32. Kf2 a6 33. Qd3
Kf8 34. g3 Qc5 35. Bb3 Bb5 36. Qd4 Qe7 37. Bxd5 Rc8 38. Rd2 Rc1 39. Bg2 Kg7 40.
g4 Qc7 41. Be4 Rf1+ 42. Kg3 Qc1 43. Kh4 Qe1+ 44. Kh5 Qg3 45. h4 Rg1 46. Rg2
Rxg2 47. Bxg2 Qxg2 48. f5 Bc6 49. Qf4 Bf3 50. Qxh6+ Kg8 51. Qf4 Bc6 52. Kh6 Qe4
53. Qg3 Qe8 54. g5 Qf8+ 55. Kh5 fxg5 56. hxg5 Qg7 57. Qb8+ Kh7 58. Qc7 Bf3+ 59.
Kh4 Bd5 60. b3 Kg8 61. Qd8+ Qf8 62. Qxd5 Qb4+ 63. Qd4 Qe1+ 64. Kg4 Qg1+ 65. Kf4
Qf2+ 66. Ke5 Qh2+ 67. Kf6 Qh8+ 68. Ke7 Qh5 69. Qf6 0-1

[Event "ÕÕÕII Nezhmetdinov Memorial"]
[Site "?"]
[Date "2010.06.08"]
[Round "9.39"]
[White "Belova, Olga"]
[Black "Mukhametgaleeva, Railia"]
[Result "0-1"]
[WhiteElo "1930"]
[BlackElo "1932"]
[PlyCount "122"]
[EventDate "2010.06.01"]
[SourceDate "2010.06.09"]

1. e4 c5 2. Nf3 Nf6 3. e5 Nd5 4. b3 g6 5. Bb2 Bg7 6. Nc3 Nxc3 7. Bxc3 O-O 8. g3
Nc6 9. Bg2 f6 10. exf6 Bxf6 11. Bxf6 Rxf6 12. O-O e5 13. Qe2 d6 14. c3 Kg7 15.
h4 Bf5 16. Ng5 Qe7 17. d3 Rff8 18. Qe3 Rac8 19. Bd5 h6 20. Ne4 Qd7 21. Nd2 Ne7
22. Bg2 Be6 23. Rac1 b5 24. Nf3 Nd5 25. Qe4 Nf6 26. Qe3 b4 27. cxb4 Nd5 28. Qe4
Nxb4 29. Qe2 Bf5 30. Ne1 Nc6 31. Qb2 Kh7 32. f3 Nd4 33. g4 Be6 34. Rf2 Qe7 35.
Nc2 Nxc2 36. Rcxc2 Qxh4 37. Qa3 Qe7 38. Bh1 Bd5 39. Qc1 Rf4 40. Rh2 g5 41. Rh3
Rcf8 42. Rf2 R8f6 43. Qe3 Kg7 44. Rc2 Qb7 45. Rf2 a5 46. Qe2 a4 47. bxa4 Rxa4
48. Qe1 Rxa2 49. Rxa2 Bxa2 50. Qa5 Bd5 51. Qd8 Qb1+ 52. Kh2 Qc2+ 53. Bg2 Bf7
54. Qe7 c4 55. dxc4 Qxc4 56. Kg1 Qc1+ 57. Bf1 Qe3+ 58. Kg2 d5 59. Bb5 Re6 60.
Qb7 Rb6 61. Qd7 Qc5 0-1

[Event "ÕÕÕII Nezhmetdinov Memorial"]
[Site "?"]
[Date "2010.06.08"]
[Round "9.40"]
[White "Volkov, Ilya"]
[Black "Bibilashvili, Anna"]
[Result "1/2-1/2"]
[WhiteElo "1919"]
[BlackElo "1920"]
[PlyCount "67"]
[EventDate "2010.06.01"]
[SourceDate "2010.06.09"]

1. Nf3 d5 2. d4 c6 3. c4 Nf6 4. Nc3 Bf5 5. cxd5 cxd5 6. Qb3 b6 7. Bf4 Nc6 8.
Ne5 Na5 9. Qa4+ Bd7 10. Qd1 e6 11. e3 Bb4 12. Rc1 Rc8 13. Bd3 Bxc3+ 14. bxc3
O-O 15. O-O b5 16. Qe2 Nc4 17. Nxc4 bxc4 18. Bb1 Ba4 19. f3 Nh5 20. Bg3 Nxg3
21. hxg3 Qg5 22. Qf2 f5 23. Qe1 Rf6 24. Bc2 Bxc2 25. Rxc2 Rg6 26. Rb2 Rc7 27.
g4 fxg4 28. Rb8+ Kf7 29. fxg4+ Rf6 30. Rxf6+ gxf6 31. Qg3 Re7 32. Qf3 Kg7 33.
Kf2 Qg6 34. Qe2 1/2-1/2

[Event "ÕÕÕII Nezhmetdinov Memorial"]
[Site "?"]
[Date "2010.06.08"]
[Round "9.41"]
[White "Borisov, Artur"]
[Black "Iskhakov, Artur"]
[Result "1/2-1/2"]
[WhiteElo "1996"]
[BlackElo "1815"]
[PlyCount "126"]
[EventDate "2010.06.01"]
[SourceDate "2010.06.09"]

1. e4 c6 2. d4 d5 3. Nc3 dxe4 4. Nxe4 Nd7 5. Nf3 Ngf6 6. Nxf6+ Nxf6 7. Be2 Bf5
8. O-O e6 9. Bf4 Be7 10. h3 Qb6 11. Rb1 Nd5 12. Bd2 O-O 13. a3 Bf6 14. Be3 Rad8
15. Qc1 Nxe3 16. fxe3 c5 17. dxc5 Qxc5 18. Bd1 Rc8 19. Rf2 Rfd8 20. Ra1 Qb6 21.
c3 h6 22. Kh1 Rd3 23. Re2 Qa6 24. Ne1 Rxd1 25. Qxd1 Rd8 26. Nd3 Rxd3 27. Qe1
Qd6 28. e4 Bxh3 29. e5 Bxg2+ 30. Kxg2 Qd5+ 31. Kh2 Qf3 32. exf6 Qh3+ 33. Kg1
Rg3+ 34. Qxg3 Qxg3+ 35. Rg2 Qe3+ 36. Kh1 g5 37. Rd1 e5 38. Rd8+ Kh7 39. Rb8
Qc1+ 40. Kh2 Qf4+ 41. Kh1 Qf3 42. Kg1 g4 43. Rf8 Qxf6 44. Rxg4 h5 45. Rg2 h4
46. Rfg8 e4 47. R8g5 Kh6 48. R5g4 e3 49. Re2 Kh5 50. Rg8 h3 51. Rxe3 h2+ 52.
Kg2 h1=R 53. Kxh1 Kh4 54. Reg3 Qf1+ 55. Kh2 Qf2+ 56. Rg2 Qf4+ 57. Kg1 Qc1+ 58.
Kf2 Qxb2+ 59. Ke3 Qxc3+ 60. Ke4 Qc4+ 61. Ke5 Qe6+ 62. Kd4 Qd6+ 63. Ke4 Qe6+
1/2-1/2

[Event "ÕÕÕII Nezhmetdinov Memorial"]
[Site "?"]
[Date "2010.06.08"]
[Round "9.42"]
[White "Ivanov, Nikolay A."]
[Black "Garifullin, Ildar"]
[Result "1/2-1/2"]
[WhiteElo "1977"]
[BlackElo "1847"]
[PlyCount "84"]
[EventDate "2010.06.01"]
[SourceDate "2010.06.09"]

1. c4 e5 2. g3 g6 3. Bg2 Bg7 4. Nc3 Ne7 5. e4 O-O 6. Nge2 f5 7. d4 d6 8. dxe5
dxe5 9. Qxd8 Rxd8 10. Bg5 Re8 11. O-O-O Be6 12. Nd5 Nxd5 13. cxd5 Bd7 14. Kb1
h6 15. Be3 Na6 16. Nc3 c6 17. exf5 Bxf5+ 18. Be4 cxd5 19. Rxd5 Nc7 20. Rd6 Nb5
21. Bxf5 Nxd6 22. Bxg6 Red8 23. Rd1 Nc4 24. Rxd8+ Rxd8 25. Bxa7 b6 26. Bf5 Kf7
27. b3 Ra8 28. Nb5 Na3+ 29. Nxa3 Rxa7 30. Nc4 Kf6 31. Be4 b5 32. Nb6 Bf8 33.
Nd5+ Kf7 34. b4 Ra4 35. Bc2 Rxb4+ 36. Nxb4 Bxb4 37. Bd3 Be1 38. Bxb5 Bxf2 39.
Kc2 Bg1 40. h3 Bf2 41. g4 Kg6 42. Kd2 Kg5 1/2-1/2

[Event "ÕÕÕII Nezhmetdinov Memorial"]
[Site "?"]
[Date "2010.06.08"]
[Round "9.43"]
[White "Lev, Nikolay"]
[Black "Galimzianova, Aliya"]
[Result "0-1"]
[WhiteElo "1735"]
[BlackElo "1908"]
[PlyCount "74"]
[EventDate "2010.06.01"]
[SourceDate "2010.06.09"]

1. d4 f5 2. g3 e6 3. Bg2 Nf6 4. c4 d5 5. Nh3 c6 6. b3 Bd6 7. O-O Qe7 8. Bf4 O-O
9. Bxd6 Qxd6 10. Nd2 Ne4 11. Nf3 Nd7 12. Qc2 b6 13. Nf4 Bb7 14. Rac1 Rac8 15.
e3 c5 16. Qe2 Ba6 17. Qb2 dxc4 18. bxc4 cxd4 19. exd4 Bxc4 20. Rfe1 Ndf6 21.
Ne5 Ba6 22. Qb3 Rfe8 23. Qa4 b5 24. Qb3 Nd2 25. Qe3 Rxc1 26. Rxc1 Nc4 27. Qe2
Qxd4 28. Nc6 Qd7 29. Rd1 Qf7 30. Rd8 e5 31. Nd5 Rxd8 32. Nxd8 Qd7 33. Nxf6+
gxf6 34. Nc6 Bb7 35. Bd5+ Kh8 36. Bxc4 Qxc6 37. f3 bxc4 0-1

[Event "ÕÕÕII Nezhmetdinov Memorial"]
[Site "?"]
[Date "2010.06.08"]
[Round "9.44"]
[White "Gabaidulina, Olga"]
[Black "Kurninov, Andrei"]
[Result "1-0"]
[WhiteElo "1857"]
[BlackElo "1776"]
[PlyCount "59"]
[EventDate "2010.06.01"]
[SourceDate "2010.06.09"]

1. e4 c5 2. Nf3 d6 3. d4 cxd4 4. Nxd4 Nf6 5. Nc3 g6 6. Be2 Bg7 7. Be3 O-O 8.
O-O Nc6 9. f4 d5 10. e5 Ne8 11. Bf3 Nc7 12. Ndb5 Nxb5 13. Nxb5 a6 14. Nc3 e6
15. Bc5 Re8 16. Na4 Qa5 17. c3 b5 18. Nb6 Rb8 19. b4 Qa3 20. Rb1 Na5 21. Bd4
Rxb6 22. Bxb6 Nc6 23. Rb3 Qxa2 24. Rf2 Qa4 25. Qb1 a5 26. Ra2 axb4 27. cxb4 Bf8
28. Rxa4 bxa4 29. Rc3 Nxb4 30. Bc5 1-0